10 Oldest Film Festivals in the World - Statistics

General Stats
  • This quiz has been taken 34 times
  • The average score is 3 of 10
Answer Stats
# Founded Highest Award Answer % Correct
4 September 20th, 1946 Palme d'Or Cannes Film Festival
100%
8 June 6th, 1951 Golden Bear Berlin International Film Festival
76%
1 August 6th, 1932 Golden Lion Venice Film Festival
66%
6 June 1st, 1947 The Michael Powell Award Edinburgh International Film Festival
17%
2 1935 Golden George Moscow International Film Festival
17%
9 1952 Grand Prix Melbourne International Film Festival
7%
3 August 23rd, 1946 Golden Leopard Locarno Film Festival
3%
10 1952 Master of Cinema International Filmfestival Mannheim-Heidelberg
0%
5 1946 Crystal Globe Karlovy Vary International Film Festival
0%
7 October 11th, 1950 Golden Sheaf Awards Yorkton Film Festival
0%
No matching quizzes found
Score Distribution
Percent of People with Each Score
Percentile by Number Answered
Your Score History
You have not taken this quiz